Never Let Me Down - David Bowie - Statistics

General Stats
  • This quiz has been taken 6 times
  • The average score is 7 of 11
Answer Stats
Answer % Correct
Glass Spider
100%
Never Let Me Down
100%
Time Will Crawl
100%
Zeroes
100%
87 and Cry
80%
Day-In Day-Out
80%
New York's in Love
60%
Bang Bang
40%
Too Dizzy
40%
Beat of Your Drum
20%
Shining Star (Makin' My Love)
0%
No matching quizzes found
Score Distribution
Percent of People with Each Score
Percentile by Number Answered
Your Score History
You have not taken this quiz